| 000 | 00398nam a2200133Ia 4500 | ||
|---|---|---|---|
| 005 | 20260328104342.0 | ||
| 008 | 260328s9999||||xx |||||||||||||| ||und|| | ||
| 100 | _aEscala | ||
| 245 | 0 |
_aConvive II ,Concurso Nacional Universitario de Ideas y anteProyecto Urbano y Arquitectónico de Habitat en la Ciudad de / _cEscala |
|
| 260 | _bEscala | ||
| 300 | _a63 p. | ||
| 650 | _aVIVIENDA | ||
| 942 | _cBK | ||
| 999 |
_c12158 _d12158 |
||